The Devil drives (Record no. 35729)

MARC details
000 -LEADER
fixed length control field 00261nam a2200109Ia 4500
082 ## - DEWEY DECIMAL CLASSIFICATION NUMBER
Classification number 82-3MB
Item number ARB
100 ## - MAIN ENTRY--AUTHOR NAME
Personal name Arbor, Jane
245 #4 - TITLE STATEMENT
Title The Devil drives
260 ## - PUBLICATION, DISTRIBUTION, ETC. (IMPRINT)
Place of publication London
Name of publisher Mills and Boon
Year of publication 1979
942 ## - ADDED ENTRY ELEMENTS (KOHA)
Koha item type Books
Holdings
Withdrawn status Lost status Damaged status Not for loan Home library Current library Date acquired Cost, normal purchase price Full call number Accession Number Koha item type
        RRII Library RRII Library 16/12/2021 3.25 82-3MB ARB 16151 Books